000 00427nam a2200157 i 4500
001 bg
100 1 _aKącki, Edward
_d(1925- ).
245 1 0 _aGeometria analityczna w zadaniach /
_cEdward Kącki, Danuta Sadowska, Lucjan Siewierski.
260 _aWarszawa,
_c1975.
700 1 _aSadowska, Danuta.
700 1 _aSiewierski, Lucjan.
040 _cBPK
041 _apol
942 _cKS
008 950505s1975 pl f |000 0 pol
999 _c386
_d386
856 _uhttp://koha.tu.koszalin.pl/cgi-bin/koha/opac-detail.pl?biblionumber=386
_yKatalog online BPK